Movies Quiz

Random Movies or Letter Quiz
Score 0/24 Timer 06:00
1 Play Today
Grid Location Movie % Correct
Robin Hood
91.7%
Ray
91%
Richie Rich
79%
Runaway Bride
75.5%
Romeo + Juliet
74.9%
The Ring
71.1%
Rocky Horror Picture Show
70.6%
Robots
70.3%
Rio
68.9%
Rebel Without a Cause
63.2%
Rise of the Planet of the Apes
61.6%
Rudy
61.4%
Grid Location Movie % Correct
The Raven
58.3%
Road House
54.9%
Raising Arizona
53.7%
Road to Perdition
50.5%
The Rookie
48%
Rosemary's Baby
45.5%
Role Models
40.9%
RV
39.2%
The Royal Tenenbaums
34.9%
Run Lola Run
31.6%
Romy and Michele's High School Reunion
31.4%
Rock of Ages
30.8%
Remove Ads.
Support Sporcle.
Get the best of Sporcle when you Go Orange. This ad-free experience offers more features, more stats, and more fun while also helping to support Sporcle. Thank you for becoming a member.

You're not logged in!

Compare scores with friends on all Sporcle quizzes.
OR
Log In

Show Comments

Extras

Top Quizzes Today


Score Distribution

Your Account Isn't Verified!

In order to create a playlist on Sporcle, you need to verify the email address you used during registration. Go to your Sporcle Settings to finish the process.

Report this User

Report this user for behavior that violates our Community Guidelines.

Details: